Central Library OPAC University of Rajshahi

Elements of statistical inference / (Record no. 1788)

MARC details
000 -LEADER
fixed length control field 00746nam a22002531 4500
001 - CONTROL NUMBER
control field 1788
003 - CONTROL NUMBER IDENTIFIER
rucl marc code BD-RjUL
005 - DATE AND TIME OF LATEST TRANSACTION
control field 20211208233418.0
008 - FIXED-LENGTH DATA ELEMENTS--GENERAL INFORMATION
fixed length control field 131209s1961 maua 000 0 eng
035 ## - SYSTEM CONTROL NUMBER
System control number (BD-RjUL)1815
040 ## - CATALOGING SOURCE
Original cataloging agency DLC/ICU
Transcribing agency ICU
Modifying agency DLC
-- BD-RjUL
Language of cataloging eng
041 ## - LANGUAGE CODE
Language code of text/sound track or separate title eng
082 00 - DEWEY DECIMAL CLASSIFICATION NUMBER
Classification number 519
Edition number 20
Author mark and year KOE 1961
100 1# - MAIN ENTRY--PERSONAL NAME
Personal name Kozelka, Robert M.
9 (RLIN) 5917
245 10 - TITLE STATEMENT
Title Elements of statistical inference /
Statement of responsibility, etc. Robert M Kozelka.
260 ## - PUBLICATION, DISTRIBUTION, ETC. (IMPRINT)
Place of publication, distribution, etc. Reading, Mass. :
Name of publisher, distributor, etc. Addison-Wesley Pub. Co.,
Date of publication, distribution, etc. c1961.
300 ## - PHYSICAL DESCRIPTION
Pagination 150 p. :
Illustrations illus. ;
Size 24 cm.
650 #0 - SUBJECT ADDED ENTRY--TOPICAL TERM
Topical term or geographic name as entry element Probabilities.
9 (RLIN) 243
Topical term or geographic name as entry element Mathematical statistics.
9 (RLIN) 5919
942 ## - ADDED ENTRY ELEMENTS (KOHA)
Source of classification or shelving scheme Dewey Decimal Classification
Koha item type Books
Holdings
Lost status Source of classification or shelving scheme Damaged status Not for loan Collection code Permanent Location Current Location Shelving location Date acquired Source of acquisition Cost, normal purchase price Total Checkouts Full call number Date last seen Copy number Koha item type
  Dewey Decimal Classification   Not For Loan Non-fiction Central Library, University of Rajshahi Central Library, University of Rajshahi Reading Room 06/02/1963 Zeitlinger 38.00   519 KOE 1961 09/12/2013 C-1 Books
  Dewey Decimal Classification     Non-fiction Central Library, University of Rajshahi Central Library, University of Rajshahi   24/11/1965 Zeitlinger 38.00   519 KOE 1961 08/11/2016 C-2 Books